| 000 | 00401nam a2200157 a 4500 | ||
|---|---|---|---|
| 001 | 17525 | ||
| 005 | 20180713210658.0 | ||
| 008 | 140415s1971 sp 000 0 spa d | ||
| 041 | _aspa | ||
| 082 |
_a709 _bHIS |
||
| 245 | 0 | 0 | _aHISTORIA DE LOS ESTILOS ARTISTICOS |
| 250 | _a1a ed. | ||
| 260 |
_aESPAÑA : _bISTMO, _c1971 |
||
| 490 |
_aFUNDAMENTOS _v36,37 |
||
| 650 | 1 | 4 |
_aARTE _xHISTORIA |
| 999 |
_c17525 _d17525 |
||